| 000 | 00816nam a2200229Ia 4500 | ||
|---|---|---|---|
| 001 | 22104 | ||
| 005 | 20260416133714.0 | ||
| 008 | 260320s9999||||xx |||||||||||||| ||und|| | ||
| 020 | _a9786123331726 | ||
| 041 | _aESP | ||
| 082 |
_a348.6 _bT22G |
||
| 100 |
_aTarazona Pinedo, Manolo Narciso, _eAUT |
||
| 245 | 0 | _aFormas de suspensión y culminación de la relación laboral | |
| 250 | _aPrimera edición | ||
| 260 |
_aLima : _bGaceta Jurídica, _c2026 |
||
| 300 |
_a93 páginas : _bcuadros ; _c24 cm. |
||
| 650 | _aCIS | ||
| 653 | _aDerecho del trabajo | ||
| 654 | _aDER | ||
| 856 |
_uhttps://0u214rwr9-y-https-app-vlex-com.itmsp.museknowledge.com/search/jurisdiction:PE/formas+de+suspensi%C3%B3n+y+culminaci%C3%B3n+de+la+relaci%C3%B3n+laboral _zVéase además: Base de datos Vlex |
||
| 942 |
_cLIB _dJUS _fMIP _2ddc |
||
| 999 |
_c22104 _d22104 |
||